00349nam a2200121Ia 4500008004100000245008600041260001700127260000900144300000900153650002300162650001200185856003000197170516s9999 xx 000 0 und d aHigh Efficiency Molecular Delivery with Sequential Low-Energy Sonoporation Bursts bTheranostics c2015 a5:12 xMedical Technology xMedtech uhttp://www.thno.org/v5i12